| 000 | 00874cab a2200253 4500 | ||
|---|---|---|---|
| 001 | ABS56013 | ||
| 008 | 090401t1996 xxu||||| |||| 00| 0 eng d | ||
| 035 | _a(Sirsi) u20426 | ||
| 041 | _aeng | ||
| 100 | _aRaschen, B. | ||
| 245 | _aGetting satisfaction: surveyors` guide to IT | ||
| 260 | _c1996 | ||
| 350 | _a0 | ||
| 490 |
_aEstates Gazette _v(9641) 12 October 1996, 148-149(2) |
||
| 520 | _aGives a brief description of on-line information sources of interest to surveyors: Property Intelligence`s "Focus" series, Reuter`s "Business Briefing", "Applied Property Research" and "EGi". | ||
| 650 | _aAPPLIED PROPERTY RESEARCH | ||
| 650 | _aBUSINESS BRIEFING | ||
| 650 | _aESTATES GAZETTE INTERACTIVE | ||
| 650 | _aFOCUS | ||
| 650 | _aONLINE DATABASES | ||
| 690 | _aMANAGEMENT-BUSINESS MANAGEMENT-INFORMATION MANAGEMENT | ||
| 942 | _n0 | ||
| 948 | _c04/03/1997 | ||
| 999 |
_c13684 _d13684 |
||